[Event "Quebec op"]
[Site "Laval"]
[Date "2022.09.01"]
[Round "1"]
[White "Drolet, Stephane"]
[Black "Goldner, John"]
[Result "1-0"]
[WhiteElo "2034"]
[BlackElo "1684"]
[PlyCount "89"]
[EventDate "2022.09.01"]
[EventType "swiss"]
[EventRounds "9"]
[EventCountry "CAN"]
[SourceTitle "CBM 210 Extra"]
[Source "ChessBase"]
[SourceDate "2022.11.30"]
[SourceVersion "1"]
[SourceVersionDate "2022.11.30"]
[SourceQuality "1"]

1. d4 d5 2. Nf3 e6 3. c4 c5 4. cxd5 exd5 5. g3 Nc6 6. Bg2 Nf6 7. 0-0 Be7 8. Nc3 0-0 9. Bf4 a6 10. Rc1 cxd4 11. Nxd4 h6 12. Qd2 Re8 13. Rfd1 Bf8 14. Nxc6 bxc6 15. h3 Bf5 16. g4 Be6 17. Qc2 Rc8 18. Qa4 Qb6 19. Be3 Qxb2 20. Qxa6 Qa3 21. Qd3 Nh7 22. Bf4 Red8 23. e3 Be7 24. Rb1 Bf6 25. Rb3 Qa5 26. Ne2 Ra8 27. Nd4 Bxd4 28. exd4 Qxa2 29. Rc1 Qa6 30. Qb1 Bd7 31. Bc7 Rdc8 32. Bd6 Qa2 33. Qd3 Qa6 34. Qc3 Qe2 35. Re1 Qa6 36. Bf1 Qa5 37. Qc1 Qa2 38. Rb7 Be6 39. f4 g6 40. f5 gxf5 41. Rxe6 Ng5 42. Re3 Ne4 43. Rxe4 dxe4 44. Qxh6 Ra7 45. Be5 1-0

[Event "Quebec Montcalm op 3 2018-19"]
[Site "Quebec"]
[Date "2018.11.22"]
[Round "2"]
[White "Sarra Bournet, Marc"]
[Black "Drolet, Stephane"]
[Result "1-0"]
[WhiteElo "1838"]
[BlackElo "2037"]
[PlyCount "115"]
[EventDate "2018.11.15"]
[EventType "swiss"]
[EventRounds "5"]
[EventCountry "CAN"]
[SourceTitle "EXT 2022"]
[Source "ChessBase"]
[SourceDate "2021.10.06"]
[SourceVersion "1"]
[SourceVersionDate "2021.10.06"]
[SourceQuality "1"]

1. e4 e6 2. d4 c5 3. c3 d5 4. Nd2 cxd4 5. cxd4 Nc6 6. Ngf3 Nf6 7. e5 Ne4 8. Bd3 Bb4 9. 0-0 Nxd2 10. Bxd2 Be7 11. Rc1 Qb6 12. Bc3 Bd7 13. Qd2 a5 14. Rfd1 Nb4 15. Bb1 Bb5 16. a3 Nc6 17. Qf4 Be2 18. Rd2 Bxf3 19. gxf3 Qd8 20. Qg4 h5 21. Qxg7 Kd7 22. Qxf7 Qg8+ 23. Qxg8 Raxg8+ 24. Kh1 Bg5 25. Bd3 Bxd2 26. Bxd2 Nxd4 27. Bxa5 Rc8 28. Rxc8 Rxc8 29. f4 Rc1+ 30. Kg2 Rd1 31. Bg6 h4 32. Kh3 Rg1 33. Bh5 Nb3 34. Bb4 d4 35. Be2 Kc6 36. Bc4 Nc5 37. Kxh4 b5 38. Bxc5 Kxc5 39. Bxe6 d3 40. f5 d2 41. Bb3 d1Q 42. Bxd1 Rxd1 43. f4 Rd8 44. Kg5 Kd5 45. Kg6 Rg8+ 46. Kf7 Rh8 47. e6 Kd6 48. f6 Rh7+ 49. Kg6 Rxh2 50. e7 Kd7 51. Kf7 Re2 52. Kf8 Re6 53. Kf7 Re2 54. f5 Re1 55. b3 Re4 56. a4 bxa4 57. bxa4 Re2 58. a5 1-0

[Event "Canadian op"]
[Site "Quebec"]
[Date "2018.07.12"]
[Round "7"]
[White "Drolet, Stephane"]
[Black "Tinica, Gabriel"]
[Result "1-0"]
[WhiteElo "2052"]
[BlackElo "1658"]
[PlyCount "61"]
[EventDate "2018.07.07"]
[EventType "swiss"]
[EventRounds "9"]
[EventCountry "CAN"]
[SourceTitle "EXT 2019"]
[Source "ChessBase"]
[SourceDate "2018.10.10"]
[SourceVersion "1"]
[SourceVersionDate "2018.10.10"]
[SourceQuality "1"]

1. d4 Nf6 2. Bg5 g6 3. Bxf6 exf6 4. e3 Bg7 5. g3 f5 6. Bg2 d5 7. c3 c6 8. Nd2 Nd7 9. Qc2 b5 10. a4 Nb6 11. axb5 cxb5 12. Ne2 0-0 13. h4 h5 14. Nf4 Bb7 15. Nb3 Qc7 16. Nc5 a6 17. 0-0 Rfd8 18. Ra2 a5 19. b3 Bc6 20. Nfd3 a4 21. bxa4 bxa4 22. Rfa1 Ra7 23. Nb2 Rda8 24. Nbd3 Nd7 25. Nxa4 Bxa4 26. Rxa4 Rxa4 27. Rxa4 Rc8 28. Bxd5 Nb6 29. Ra5 Nxd5 30. Rxd5 Qxc3 31. Rd8+ 1-0

[Event "Canadian op"]
[Site "Quebec"]
[Date "2018.07.08"]
[Round "2"]
[White "Sambuev, Bator"]
[Black "Drolet, Stephane"]
[Result "1-0"]
[WhiteElo "2514"]
[BlackElo "2052"]
[PlyCount "133"]
[EventDate "2018.07.07"]
[EventType "swiss"]
[EventRounds "9"]
[EventCountry "CAN"]
[SourceTitle "CBM 185 Extra"]
[Source "ChessBase"]
[SourceDate "2018.07.29"]
[SourceVersion "1"]
[SourceVersionDate "2018.07.29"]
[SourceQuality "1"]

1. Nf3 d5 2. c4 c6 3. e3 Nf6 4. d4 a6 5. Bd3 b5 6. cxd5 cxd5 7. a4 b4 8. Ne5 e6 9. Nd2 Be7 10. 0-0 0-0 11. a5 Bb7 12. f4 Nbd7 13. Qf3 Re8 14. g4 Nf8 15. g5 N6d7 16. Nb3 f5 17. Nxd7 Qxd7 18. Bd2 Rec8 19. Qe2 Bd6 20. Rfc1 Rxc1+ 21. Rxc1 Qa4 22. Qd1 Rc8 23. Nc5 Qxd1+ 24. Rxd1 Bxc5 25. dxc5 Rxc5 26. Bxb4 Rc8 27. Kf2 Nd7 28. Ke2 Nb8 29. Bd2 Nc6 30. Rc1 Na7 31. Rxc8+ Bxc8 32. Bc3 Kf7 33. b4 g6 34. Kd2 Ke7 35. Bd4 Nc6 36. Kc3 Kd6 37. Bc5+ Kc7 38. Be2 Kb7 39. h4 Nb8 40. h5 Bd7 41. Bd6 Nc6 42. h6 Na7 43. Kd4 Nc6+ 44. Kc5 Na7 45. Be5 Bb5 46. Bd1 Nc8 47. Bc3 Kc7 48. Bf6 Kd7 49. Be5 Ke8 50. Kd4 Na7 51. Bg7 Ke7 52. Bf6+ Kf7 53. Kc5 Nc8 54. Bb3 Ke8 55. Be5 Kd7 56. Bd1 Ke8 57. Bd6 Kd7 58. Bb8 Ke7 59. Kd4 Kf7 60. Bc7 Ne7 61. Bb6 Nc8 62. Bc5 Ke8 63. Ke5 Kf7 64. Bc2 Ne7 65. Bxe7 Kxe7 66. Bd1 Kf7 67. Kd6 1-0

[Event "Ste Foy Fischer"]
[Site "Ste Foy"]
[Date "2017.11.11"]
[Round "5"]
[White "Laflamme, Simon"]
[Black "Drolet, Stephane"]
[Result "1-0"]
[WhiteElo "1908"]
[BlackElo "2100"]
[PlyCount "63"]
[EventDate "2017.10.14"]
[EventType "swiss"]
[EventRounds "5"]
[EventCountry "CAN"]
[SourceTitle "EXT 2022"]
[Source "ChessBase"]
[SourceDate "2021.10.06"]
[SourceVersion "1"]
[SourceVersionDate "2021.10.06"]
[SourceQuality "1"]

1. d4 e6 2. Nf3 f5 3. Bf4 Nf6 4. h3 b6 5. e3 Bb7 6. Nbd2 d6 7. Bc4 Nd5 8. Bg3 Be7 9. c3 0-0 10. Qe2 a6 11. a4 Qe8 12. e4 fxe4 13. Nxe4 Qg6 14. Ned2 Nd7 15. 0-0 Rf7 16. Rfe1 Nf8 17. Bd3 Qh6 18. Nh2 Nf4 19. Bxf4 Qxf4 20. Be4 d5 21. g3 Qd6 22. Bd3 c5 23. Ndf3 Bf6 24. Ng4 cxd4 25. Nxf6+ Rxf6 26. Nxd4 Nd7 27. Nxe6 Re8 28. Bxh7+ Kh8 29. Qh5 Rexe6 30. Bg6+ Kg8 31. Qh7+ Kf8 32. Qh8+ 1-0

[Event "Ste Foy Fischer"]
[Site "Ste Foy"]
[Date "2017.10.21"]
[Round "2"]
[White "Drolet, Stephane"]
[Black "Fecteau, Martin"]
[Result "1-0"]
[WhiteElo "2100"]
[BlackElo "1938"]
[PlyCount "71"]
[EventDate "2017.10.14"]
[EventType "swiss"]
[EventRounds "5"]
[EventCountry "CAN"]
[SourceTitle "EXT 2022"]
[Source "ChessBase"]
[SourceDate "2021.10.06"]
[SourceVersion "1"]
[SourceVersionDate "2021.10.06"]
[SourceQuality "1"]

1. d4 d5 2. Nf3 Nf6 3. c4 c6 4. Nc3 e6 5. Bg5 Nbd7 6. e3 Qa5 7. Nd2 Bb4 8. Qc2 0-0 9. Be2 Ne4 10. Ndxe4 dxe4 11. Bh4 e5 12. c5 exd4 13. exd4 Nf6 14. 0-0 Bxc3 15. bxc3 Nd5 16. c4 Nc3 17. Bh5 b5 18. Rfc1 Na4 19. Qxe4 Be6 20. Qxc6 Bxc4 21. Bf3 Rac8 22. Qd6 Rfe8 23. Bg4 Be6 24. Bf3 Bc4 25. Qg3 Qd2 26. Bf6 Qh6 27. Bg5 Qa6 28. c6 Rxc6 29. Bxc6 Qxc6 30. Re1 Rc8 31. Re7 a5 32. Rae1 Kf8 33. R7e3 f6 34. Bf4 Bxa2 35. Re7 Bf7 36. Bd6 1-0

[Event "Ste Foy Euwe"]
[Site "Ste Foy"]
[Date "2017.02.11"]
[Round "5"]
[White "Drolet, Stephane"]
[Black "Sauve, Richard"]
[Result "1/2-1/2"]
[WhiteElo "2113"]
[BlackElo "1895"]
[PlyCount "79"]
[EventDate "2017.01.14"]
[EventType "swiss"]
[EventRounds "5"]
[EventCountry "CAN"]
[SourceTitle "EXT 2022"]
[Source "ChessBase"]
[SourceDate "2021.10.06"]
[SourceVersion "1"]
[SourceVersionDate "2021.10.06"]
[SourceQuality "1"]

1. d4 f5 2. Nc3 Nf6 3. Bg5 d5 4. Bxf6 exf6 5. e4 dxe4 6. Bc4 Nc6 7. Nge2 Bd6 8. a3 Qe7 9. Nd5 Qf8 10. 0-0 Bd7 11. c3 0-0-0 12. b4 Kb8 13. a4 Ne7 14. b5 Nxd5 15. Bxd5 Bxh2+ 16. Kh1 Bd6 17. Qb3 g5 18. g3 Qh6+ 19. Kg1 Qh3 20. b6 cxb6 21. a5 b5 22. c4 a6 23. Rfb1 e3 24. Qxe3 f4 25. Qd3 fxg3 26. fxg3 Bg4 27. Bg2 Bxe2 28. Qxe2 Qxg3 29. cxb5 Rhe8 30. Qh5 Qe3+ 31. Kh1 axb5 32. Rxb5 Re4 33. Rxb7+ Kxb7 34. Qxh7+ Kc8 35. Bxe4 Rd7 36. Qf5 Kd8 37. a6 Qxd4 38. Rc1 Rc7 39. Re1 Qe5 40. Qxe5 1/2-1/2

[Event "Ste Foy Euwe"]
[Site "Ste Foy"]
[Date "2017.02.04"]
[Round "4"]
[White "Lessard, Claude"]
[Black "Drolet, Stephane"]
[Result "1/2-1/2"]
[WhiteElo "2174"]
[BlackElo "2113"]
[PlyCount "48"]
[EventDate "2017.01.14"]
[EventType "swiss"]
[EventRounds "5"]
[EventCountry "CAN"]
[SourceTitle "EXT 2022"]
[Source "ChessBase"]
[SourceDate "2021.10.06"]
[SourceVersion "1"]
[SourceVersionDate "2021.10.06"]
[SourceQuality "1"]

1. Nf3 Nf6 2. d4 d5 3. c4 e6 4. e3 Be7 5. Nc3 0-0 6. cxd5 exd5 7. Bd3 Nbd7 8. 0-0 Re8 9. Ne5 Nxe5 10. dxe5 Ng4 11. f4 d4 12. Ne2 Nxe3 13. Bxe3 dxe3 14. Qc2 g6 15. Rad1 Bf8 16. Bb5 Qe7 17. Bxe8 Qxe8 18. h3 Qb5 19. g4 h5 20. Nd4 Qb6 21. f5 hxg4 22. hxg4 Bd7 23. e6 fxe6 24. fxe6 Be8 1/2-1/2

[Event "Francophone-ch 3rd"]
[Site "Montreal"]
[Date "2015.07.23"]
[Round "7"]
[White "Drolet, Stephane"]
[Black "Humphreys, Michael"]
[Result "1/2-1/2"]
[WhiteElo "2120"]
[BlackElo "2207"]
[PlyCount "71"]
[EventDate "2015.07.17"]
[EventType "swiss"]
[EventRounds "9"]
[EventCountry "CAN"]
[SourceTitle "EXT 2016"]
[Source "ChessBase"]
[SourceDate "2015.10.08"]
[SourceVersion "1"]
[SourceVersionDate "2015.10.08"]
[SourceQuality "1"]

1. d4 e6 2. Nf3 c5 3. e3 Nf6 4. Bd3 Be7 5. 0-0 0-0 6. e4 cxd4 7. e5 Nd5 8. Nxd4 d6 9. exd6 Qxd6 10. c3 a6 11. Nd2 Qc7 12. N2f3 b6 13. Ng5 g6 14. Qf3 Bb7 15. Qh3 Nf6 16. Qh6 Rc8 17. Ndxe6 fxe6 18. Nxh7 Bd8 19. Qxg6+ Qg7 20. Ng5 Bd5 21. Qxg7+ Kxg7 22. Re1 Nbd7 23. Nxe6+ Bxe6 24. Rxe6 Nc5 25. Re3 Bc7 26. Bf5 Rd8 27. Re1 Rd5 28. Bh3 Re8 29. Be3 Nd3 30. Reb1 b5 31. g3 Ne5 32. Bg2 Rd3 33. Rd1 Red8 34. Rxd3 Rxd3 35. Re1 Nc4 36. Bc1 1/2-1/2

[Event "Francophone-ch 3rd"]
[Site "Montreal"]
[Date "2015.07.19"]
[Round "4"]
[White "Drolet, Stephane"]
[Black "Marin, Sam"]
[Result "1-0"]
[WhiteElo "2120"]
[BlackElo "1868"]
[PlyCount "111"]
[EventDate "2015.07.17"]
[EventType "swiss"]
[EventRounds "9"]
[EventCountry "CAN"]
[SourceTitle "EXT 2016"]
[Source "ChessBase"]
[SourceDate "2015.10.08"]
[SourceVersion "1"]
[SourceVersionDate "2015.10.08"]
[SourceQuality "1"]

1. d4 Nf6 2. Nf3 e6 3. Nbd2 d5 4. e3 c5 5. b3 Nc6 6. Bb2 Bd7 7. a3 cxd4 8. exd4 Bd6 9. Bd3 0-0 10. 0-0 Rc8 11. Qe2 Nh5 12. g3 g6 13. Ne5 Ng7 14. f4 f6 15. Nef3 Re8 16. c4 a5 17. c5 Bb8 18. Bc3 Qe7 19. Qf2 Bc7 20. b4 Na7 21. bxa5 Bb5 22. Bxb5 Nxb5 23. Bb4 Qd7 24. Rfe1 Ra8 25. Nb3 Na7 26. Rab1 Nc6 27. Qd2 Ra6 28. Rb2 Rea8 29. Reb1 R8a7 30. Bc3 Qd8 31. Ne1 Nf5 32. Nc2 Bxa5 33. Nxa5 Nxa5 34. Bxa5 Rxa5 35. Rxb7 Rxb7 36. Rxb7 Ra4 37. Rb4 Qd7 38. Qc3 Rxb4 39. Qxb4 Ne7 40. a4 Nc6 41. Qb5 Qc7 42. Kf2 Kf8 43. Ke3 e5 44. fxe5 fxe5 45. Kd3 e4+ 46. Kc3 Na7 47. Qb6 Qf7 48. Qd6+ Qe7 49. Qxd5 e3 50. Qf3+ Ke8 51. Qxe3 Qxe3+ 52. Nxe3 Kd7 53. d5 Nc8 54. Kd4 h5 55. Ke5 g5 56. Nc4 1-0

[Event "Carnaval"]
[Site "Quebec"]
[Date "2015.02.21"]
[Round "3"]
[White "Berube, Antoine"]
[Black "Drolet, Stephane"]
[Result "0-1"]
[WhiteElo "2172"]
[BlackElo "2159"]
[PlyCount "38"]
[EventDate "2015.02.20"]
[EventType "swiss"]
[EventRounds "5"]
[EventCountry "CAN"]
[SourceTitle "EXT 2019"]
[Source "ChessBase"]
[SourceDate "2018.10.10"]
[SourceVersion "1"]
[SourceVersionDate "2018.10.10"]
[SourceQuality "1"]

1. d4 e6 2. c4 Bb4+ 3. Bd2 Qe7 4. Nf3 Nf6 5. a3 Bxd2+ 6. Nbxd2 d6 7. e4 e5 8. d5 0-0 9. Bd3 Bg4 10. 0-0 Nbd7 11. b4 Nh5 12. Re1 Nf4 13. Bf1 f5 14. h3 Bxf3 15. Qxf3 Qg5 16. Kh2 Nxg2 17. Bxg2 Qxd2 18. exf5 Qg5 19. Qg4 Qxf5 0-1

[Event "Carnaval"]
[Site "Quebec"]
[Date "2015.02.21"]
[Round "2"]
[White "Drolet, Stephane"]
[Black "Chiku Ratte, Olivier Kenta"]
[Result "1/2-1/2"]
[WhiteElo "2159"]
[BlackElo "2328"]
[PlyCount "62"]
[EventDate "2015.02.20"]
[EventType "swiss"]
[EventRounds "5"]
[EventCountry "CAN"]
[SourceTitle "EXT 2019"]
[Source "ChessBase"]
[SourceDate "2018.10.10"]
[SourceVersion "1"]
[SourceVersionDate "2018.10.10"]
[SourceQuality "1"]

1. Nf3 c5 2. b3 Nf6 3. Bb2 e6 4. e3 b6 5. d4 Bb7 6. Nbd2 Be7 7. Bd3 0-0 8. 0-0 d6 9. Qe2 Nbd7 10. Rad1 Re8 11. c4 Qc7 12. Ng5 Rac8 13. f4 cxd4 14. exd4 Bf8 15. Rc1 g6 16. Nde4 Bg7 17. b4 e5 18. fxe5 dxe5 19. Nxf6+ Bxf6 20. Rxf6 Nxf6 21. dxe5 Nd7 22. e6 fxe6 23. Nxh7 e5 24. Bxg6 Re7 25. Qg4 Rg7 26. Qe6+ Kh8 27. Ng5 Nf8 28. Nf7+ Kg8 29. Nh6+ Kh8 30. Nf7+ Kg8 31. Nh6+ Kh8 1/2-1/2

[Event "Charlesbourg Millenium"]
[Site "Charlesbourg"]
[Date "2014.10.06"]
[Round "1"]
[White "Drolet, Stephane"]
[Black "Dube, Daniel"]
[Result "1-0"]
[WhiteElo "2165"]
[BlackElo "1806"]
[PlyCount "57"]
[EventDate "2014.10.06"]
[EventType "swiss"]
[EventRounds "5"]
[EventCountry "CAN"]
[SourceTitle "EXT 2022"]
[Source "ChessBase"]
[SourceDate "2021.10.06"]
[SourceVersion "1"]
[SourceVersionDate "2021.10.06"]
[SourceQuality "1"]

1. Nf3 Nc6 2. c4 e5 3. Nc3 f5 4. d3 Nf6 5. a3 d6 6. g3 Be7 7. Bg2 0-0 8. b4 a6 9. 0-0 Qe8 10. Bg5 Be6 11. Nd2 h6 12. Bxf6 Bxf6 13. Nd5 Qd7 14. b5 axb5 15. cxb5 Na5 16. Rc1 Bd8 17. Qa4 Qf7 18. Nb4 Bg5 19. Na6 Bxd2 20. Rxc7 Bb3 21. Qh4 Qf6 22. Qxf6 Rxf6 23. Rb1 Be6 24. Rd1 d5 25. Nc5 Bf7 26. Rxd2 b6 27. Rxf7 bxc5 28. Rxf6 Rd8 29. Rxf5 1-0

[Event "Canadian op U2400"]
[Site "Montreal"]
[Date "2014.07.23"]
[Round "6"]
[White "Fillion, Steve"]
[Black "Drolet, Stephane"]
[Result "1/2-1/2"]
[WhiteElo "2140"]
[BlackElo "2066"]
[PlyCount "29"]
[EventDate "2014.07.19"]
[EventType "swiss"]
[EventRounds "9"]
[EventCountry "CAN"]
[SourceTitle "EXT 2022"]
[Source "ChessBase"]
[SourceDate "2021.10.06"]
[SourceVersion "1"]
[SourceVersionDate "2021.10.06"]
[SourceQuality "1"]

1. e4 e5 2. Nf3 Nf6 3. Nxe5 Nxe4 4. Qe2 Qe7 5. Qxe4 d6 6. d4 dxe5 7. Qxe5 Qxe5+ 8. dxe5 Bf5 9. c3 Nd7 10. Bf4 0-0-0 11. Nd2 Nxe5 12. Bxe5 Re8 13. f4 f6 14. Nf3 fxe5 15. fxe5 1/2-1/2

[Event "Canadian op U2400"]
[Site "Montreal"]
[Date "2014.07.19"]
[Round "1"]
[White "Drolet, Stephane"]
[Black "Doknjas, Joshua"]
[Result "1-0"]
[WhiteElo "2066"]
[BlackElo "1849"]
[PlyCount "101"]
[EventDate "2014.07.19"]
[EventType "swiss"]
[EventRounds "9"]
[EventCountry "CAN"]
[SourceTitle "EXT 2022"]
[Source "ChessBase"]
[SourceDate "2021.10.06"]
[SourceVersion "1"]
[SourceVersionDate "2021.10.06"]
[SourceQuality "1"]

1. d4 d5 2. Nf3 Nf6 3. c4 dxc4 4. Qa4+ Qd7 5. Qxc4 Qc6 6. e3 e6 7. Nc3 Qxc4 8. Bxc4 Bb4 9. Bd2 a6 10. Ke2 0-0 11. a3 Ba5 12. b4 Bb6 13. a4 Rd8 14. a5 Ba7 15. Rhc1 c6 16. Na4 Nbd7 17. Nc5 Nxc5 18. bxc5 Bb8 19. Bd3 Nd5 20. g3 Nc7 21. Ne5 Nb5 22. Nc4 Bc7 23. Bc3 h6 24. Bb2 Kf8 25. Bc2 Ke7 26. Rd1 Bd7 27. e4 f6 28. e5 f5 29. Nd6 Rab8 30. f3 Rf8 31. Kd3 Bd8 32. Rf1 Nxd6 33. exd6+ Ke8 34. Rfe1 Bf6 35. Bb3 Kf7 36. Bc1 g5 37. Bc4 Kg6 38. Rb1 Rfe8 39. f4 g4 40. Re2 Bc8 41. Bxa6 Ra8 42. Bxb7 Bxb7 43. Rxb7 Bd8 44. Ra2 Rxa5 45. Rxa5 Bxa5 46. Bd2 Bxd2 47. Kxd2 Kf6 48. Rc7 Ra8 49. Rxc6 Kf7 50. Rc7+ Ke8 51. c6 1-0

[Event "Charlesbourg Festival"]
[Site "Charlesbourg"]
[Date "2014.06.16"]
[Round "3"]
[White "Drolet, Stephane"]
[Black "Garneau, Benoit"]
[Result "1-0"]
[WhiteElo "2148"]
[BlackElo "1937"]
[PlyCount "61"]
[EventDate "2014.06.02"]
[EventType "swiss"]
[EventRounds "5"]
[EventCountry "CAN"]
[SourceTitle "EXT 2022"]
[Source "ChessBase"]
[SourceDate "2021.10.06"]
[SourceVersion "1"]
[SourceVersionDate "2021.10.06"]
[SourceQuality "1"]

1. d4 g6 2. Nf3 Bg7 3. c3 Nf6 4. Bg5 d5 5. Nbd2 0-0 6. e3 Nbd7 7. Be2 Re8 8. h3 b6 9. 0-0 Ne4 10. Nxe4 dxe4 11. Nd2 Bb7 12. Qc2 Nf6 13. Rfd1 Qd7 14. Bf4 Rac8 15. a4 c5 16. Bb5 Bc6 17. dxc5 Bxb5 18. Nxe4 Qb7 19. Nxf6+ Bxf6 20. axb5 Rxc5 21. Qa4 e5 22. Bg3 Kg7 23. Qxa7 Qxa7 24. Rxa7 Rxb5 25. Rdd7 Rf8 26. b4 g5 27. e4 h5 28. f3 h4 29. Be1 Rc8 30. Rxf7+ Kg6 31. Rfc7 1-0

[Event "Charlesbourg Olympiade"]
[Site "Charlesbourg"]
[Date "2013.12.16"]
[Round "6"]
[White "Drolet, Stephane"]
[Black "Marquis, Paul"]
[Result "1-0"]
[WhiteElo "2147"]
[BlackElo "2061"]
[PlyCount "55"]
[EventDate "2013.11.11"]
[EventType "swiss"]
[EventRounds "6"]
[EventCountry "CAN"]
[SourceTitle "EXT 2022"]
[Source "ChessBase"]
[SourceDate "2021.10.06"]
[SourceVersion "1"]
[SourceVersionDate "2021.10.06"]
[SourceQuality "1"]

1. d4 Nf6 2. Nf3 g6 3. Bg5 Bg7 4. e3 0-0 5. Be2 d6 6. c4 c5 7. Nc3 Qa5 8. 0-0 cxd4 9. exd4 Bg4 10. Qd2 Nc6 11. Be3 e5 12. d5 Ne7 13. a3 Nf5 14. b4 Qd8 15. Rac1 Nxe3 16. fxe3 e4 17. Nd4 Bxe2 18. Ndxe2 Qe7 19. Ng3 h5 20. c5 h4 21. Nge2 Ng4 22. h3 Nh6 23. Rf4 f5 24. Nd4 Be5 25. Rff1 Qg5 26. Ne6 Qg3 27. Nf4 g5 28. Nce2 1-0

[Event "Charlesbourg Olympiade"]
[Site "Charlesbourg"]
[Date "2013.11.25"]
[Round "3"]
[White "Marquis, Paul"]
[Black "Drolet, Stephane"]
[Result "1/2-1/2"]
[WhiteElo "2051"]
[BlackElo "2147"]
[PlyCount "42"]
[EventDate "2013.11.11"]
[EventType "swiss"]
[EventRounds "6"]
[EventCountry "CAN"]
[SourceTitle "EXT 2022"]
[Source "ChessBase"]
[SourceDate "2021.10.06"]
[SourceVersion "1"]
[SourceVersionDate "2021.10.06"]
[SourceQuality "1"]

1. c4 Nf6 2. Nc3 e5 3. Nf3 Nc6 4. g3 Bb4 5. Nd5 Bc5 6. Bg2 d6 7. Nxf6+ Qxf6 8. d3 h6 9. 0-0 0-0 10. Nd2 Bb6 11. Ne4 Qg6 12. Be3 Nd4 13. Nc3 c6 14. Na4 Bg4 15. f3 Nxf3+ 16. Rxf3 Bxf3 17. Nxb6 Bxg2 18. Nxa8 Bh3 19. Qb3 Qg4 20. Re1 Rxa8 21. Qxb7 Qc8 1/2-1/2

[Event "Charlesbourg Olympiade"]
[Site "Charlesbourg"]
[Date "2013.11.18"]
[Round "2"]
[White "Drolet, Stephane"]
[Black "Tremblay, Rejean"]
[Result "1-0"]
[WhiteElo "2147"]
[BlackElo "2143"]
[PlyCount "193"]
[EventDate "2013.11.11"]
[EventType "swiss"]
[EventRounds "6"]
[EventCountry "CAN"]
[SourceTitle "EXT 2022"]
[Source "ChessBase"]
[SourceDate "2021.10.06"]
[SourceVersion "1"]
[SourceVersionDate "2021.10.06"]
[SourceQuality "1"]

1. c4 Nf6 2. Nc3 e6 3. Nf3 d5 4. d4 c6 5. Qb3 dxc4 6. Qxc4 b5 7. Qb3 Nbd7 8. Bg5 Be7 9. a3 h6 10. Bh4 Qa5 11. Rc1 Bb7 12. e3 a6 13. Be2 c5 14. 0-0 0-0 15. Rfd1 Rfe8 16. h3 Rac8 17. Bg3 b4 18. axb4 cxb4 19. Qa4 Qb6 20. Nb1 Rxc1 21. Rxc1 Rc8 22. Rxc8+ Bxc8 23. Nbd2 Bb7 24. Nc4 Qc6 25. Qxc6 Bxc6 26. Na5 Bb5 27. Bxb5 axb5 28. Nc6 Kf8 29. Nd2 Nb6 30. b3 Nc8 31. e4 Ne8 32. f3 f5 33. Kf1 Ncd6 34. Ke2 fxe4 35. Nxe4 Nf5 36. Be1 Nc7 37. g4 Nd5 38. gxf5 exf5 39. Nf2 Nf4+ 40. Kd1 Bh4 41. Bxb4+ Ke8 42. Bd2 Bxf2 43. Bxf4 Kd7 44. Ke2 Bh4 45. Ne5+ Ke6 46. Kd3 g5 47. Bd2 Bf2 48. Be3 Be1 49. Nc6 Kd5 50. Na7 b4 51. Nc8 Bh4 52. Nb6+ Kd6 53. Bd2 h5 54. Bxb4+ Kc6 55. Nc4 g4 56. fxg4 fxg4 57. hxg4 hxg4 58. Ne5+ Kb5 59. Bd2 g3 60. Be3 g2 61. d5 Bg3 62. Nf3 Kb4 63. Kc2 Kb5 64. Nd4+ Ka5 65. Ne2 Bh2 66. Bg1 Bb8 67. Kc3 Bd6 68. Kc4 Ka6 69. b4 Kb7 70. Nd4 Be5 71. Nf5 Bb8 72. Nh4 Bg3 73. Nxg2 Kc7 74. Ne3 Bf4 75. Nf5 Be5 76. Bf2 Kb7 77. b5 Bh2 78. Bc5 Kc8 79. d6 Bf4 80. Kd5 Kb7 81. Ke6 Bg5 82. Ne7 Bf4 83. Nd5 Bg5 84. Bd4 Bd2 85. d7 Ba5 86. b6 Bxb6 87. Bxb6 Ka6 88. d8Q Kb5 89. Qd7+ Ka6 90. Nb4+ Kxb6 91. Nd5+ Kc5 92. Qc7+ Kb5 93. Kd6 Ka4 94. Qc4+ Ka3 95. Qb4+ Ka2 96. Nc3+ Ka1 97. Qb1# 1-0

[Event "Charlesbourg Olympiade"]
[Site "Charlesbourg"]
[Date "2013.11.11"]
[Round "1"]
[White "Drolet, Stephane"]
[Black "Lessard, Claude"]
[Result "1-0"]
[WhiteElo "2147"]
[BlackElo "2045"]
[PlyCount "93"]
[EventDate "2013.11.11"]
[EventType "swiss"]
[EventRounds "6"]
[EventCountry "CAN"]
[SourceTitle "EXT 2022"]
[Source "ChessBase"]
[SourceDate "2021.10.06"]
[SourceVersion "1"]
[SourceVersionDate "2021.10.06"]
[SourceQuality "1"]

1. d4 Nf6 2. Nf3 g6 3. Bg5 Ne4 4. Bf4 c5 5. Nbd2 d5 6. c3 cxd4 7. Nxd4 Bg7 8. Nxe4 dxe4 9. Nb3 Qxd1+ 10. Rxd1 Nc6 11. g3 e5 12. Be3 b6 13. Bg2 f5 14. 0-0 0-0 15. Rd6 Bb7 16. Rfd1 Rac8 17. Rd7 Ba6 18. Bf1 f4 19. Bc1 Bc4 20. e3 Be6 21. R7d6 Bg4 22. Re1 fxg3 23. hxg3 Rfd8 24. Rxd8+ Rxd8 25. Nd2 Bf5 26. Bg2 Na5 27. Nxe4 Nc4 28. b3 Na5 29. c4 Bf8 30. Nf6+ Kf7 31. Nd5 Nb7 32. e4 Be6 33. Rd1 Rc8 34. Bb2 Bd6 35. Nc3 a6 36. Bf1 Bg4 37. Rc1 Bc5 38. Nd5 Ke6 39. Kg2 Rf8 40. f4 exf4 41. gxf4 a5 42. Kg3 h5 43. a3 Rc8 44. b4 Bf8 45. Nxb6 Rd8 46. Nd5 Bh6 47. c5 1-0

[Event "Charlesbourg Millenium"]
[Site "Charlesbourg"]
[Date "2013.10.14"]
[Round "2"]
[White "Plante, Rejean"]
[Black "Drolet, Stephane"]
[Result "0-1"]
[WhiteElo "2010"]
[BlackElo "2131"]
[PlyCount "76"]
[EventDate "2013.10.07"]
[EventType "swiss"]
[EventRounds "5"]
[EventCountry "CAN"]
[SourceTitle "EXT 2022"]
[Source "ChessBase"]
[SourceDate "2021.10.06"]
[SourceVersion "1"]
[SourceVersionDate "2021.10.06"]
[SourceQuality "1"]

1. c4 Nf6 2. Nc3 e5 3. g3 Bb4 4. Bg2 0-0 5. a3 Bxc3 6. bxc3 Nc6 7. e4 d6 8. d3 Bd7 9. Nf3 b6 10. Nh4 h6 11. Nf5 Ne7 12. Qf3 Nxf5 13. exf5 e4 14. dxe4 Bc6 15. Qf4 Bxe4 16. Bxe4 Nxe4 17. 0-0 Re8 18. Be3 Qd7 19. Rfe1 Qc6 20. h4 Nf6 21. Bd4 Qxc4 22. Qd2 Qd5 23. Qf4 Re4 24. Rxe4 Qxe4 25. Qxe4 Nxe4 26. Re1 Re8 27. Rd1 d5 28. Rd3 h5 29. Be3 c6 30. Kg2 Nd6 31. f6 gxf6 32. Bd4 Re6 33. a4 Nc4 34. Rf3 Kg7 35. Rf5 Kg6 36. Rf4 f5 37. Rf3 c5 38. Be3 Nxe3+ 0-1